000 00856nam a2200253Ia 4500
003 OSt
005 20220923221456.0
006 a|||||r|||| 00| 0
007 ta
008 220922b |||||||| |||| 00| 0 hin d
024 _a197,646
037 _cTextual
040 _aARTS
_cARTS
_bhin
041 _2hin
_ahin
082 _aO152,8x, M6
100 _aवर्मा, हरीश चन्द्र, संपा.
_9160723
245 0 _aव्यग्ंय के रंग
246 _aKoī patthar se
260 _aदिल्ली
_b सस्ता साहित्य भण्डार
_c1986
300 _a140पृ.
_ccm.
650 _aहिन्दी साहित्य
_9156264
942 _hO152,8x, M6
_cTEXL
_2CC
999 _c349517
_d349517